Szczegóły MARC21

System polskiego prawa podatkowego w praktyce : wybrane zagadnienia. T. 4, Postępowania okołopodatkowe. Cz. 1, Cywilne, sporne postępowania odszkodowawcze /

003 -Nazwa inst., której nr kontr. jest w polu 001 [,]
    • @
    • Nazwa instytucji, której n kontrolny jest w polu 001
    • NUKAT
005 -DATA I CZAS OSTATNIEJ MODYFIKACJI [,]
    • @
    • pole kontrolne
    • 20241231095229.0
020 -Międzynarod. znormalizowany nr książki - ISBN [ , ]
    • a
    • Numer ISBN
    • 9788393093205 Find
    • q
    • Dopowiedzenie
    • Euro-Omni
040 -Instytucja sporządzająca opis [ , ]
    • a
    • Instytucja, która sporządziła opis (NP)
    • WR U/PAd
    • c
    • Instytucja, która sporządziła rekord (NP)
    • WR U/ml
    • d
    • Instytucja, która zmodyfikowała rekord (P)
    • WR U/jm
    • d
    • Instytucja, która zmodyfikowała rekord (P)
    • WR U/HSs
942 -Rodzaj dokumentu [ , ]
    • c
    • Rodzaj dokumentu
    • Książka
100 -Hasło główne - nazwa osobowa [1, ]
    • a
    • Nazwa osobowa (NP)
    • Walkowski, Grzegorz Kazimierz
    • d
    • Daty biograficzne (NP)
    • (1965- ).
    • 9
    • KHW
    • 28423
245 -Strefa tytułu i oznaczenia odpowiedzialności [1,0]
    • a
    • Tytuł
    • System polskiego prawa podatkowego w praktyce : Find
    • b
    • Ciąg dalszy tytułu (NP)
    • wybrane zagadnienia. Find
    • n
    • Oznaczenie części (P)
    • T. 4,
    • p
    • Nazwa części (P)
    • Postępowania okołopodatkowe.
    • n
    • Oznaczenie części (P)
    • Cz. 1,
    • p
    • Nazwa części (P)
    • Cywilne, sporne postępowania odszkodowawcze /
    • c
    • Pozostałe elementy strefy tytułu i oznaczenia odpowiedzialności (NP)
    • Grzegorz Kazimierz Walkowski.
246 -Wariant tytułu [3,0]
    • a
    • Tytuł (NP)
    • Postępowania okołopodatkowe
246 -Wariant tytułu [3,0]
    • a
    • Tytuł (NP)
    • Cywilne, sporne postępowania odszkodowawcze
260 -Strefa adresu wydawniczego [ , ]
    • a
    • Miejsce wydania (P)
    • Bydgoszcz :
    • b
    • Nazwa wydawcy (P)
    • Walkowski :
    • b
    • Nazwa wydawcy (P)
    • Euro-Omni,
    • c
    • Data wydania (P)
    • 2010.
300 -Strefa opisu fizycznego [ , ]
    • a
    • Określenie formy książki i/lub objętość (NP)
    • 181 s. ;
    • c
    • Format (NP)
    • 25 cm.
336 -Typ zawartości [ , ]
    • a
    • Termin opisujący typ zawartości
    • Tekst
    • b
    • Kod określający zawartość
    • txt
    • 2
    • Źródło (terminu i kodu)
    • rdacontent
337 -Typ mediów [ , ]
    • a
    • Tryb odtwarzania
    • Bez urządzenia pośredniczącego
    • b
    • Kod typu mediów
    • n
    • 2
    • Źródło (terminu i kodu)
    • rdamedia
338 -Typ/rodzaj nośnika [ , ]
    • a
    • Hasło opisujące typ nośnika
    • Wolumin
    • b
    • Kod typu nośnika
    • nc
    • 2
    • Źródło (terminu i kodu)
    • rdacarrier
504 -Uwaga dot. bibliogr. załącznikowej [ , ]
    • a
    • Uwaga dot. bibliografii załącznikowej
    • Indeks.
080 -Uniwersalna Klasyfikacja Dziesiętna [ , ]
    • 2
    • Identyfikator wydania tablic
    • UDC-P058
    • 9
    • UKD
    • 3133
    • a
    • Symbol klasyfikacji
    • 336.221.24
    • b
    • Dopowiedzenie
    • Zasady i praktyka prawa podatkowego.
    • 4
    • UKD2
    • 7642
    • x
    • Poddział wspólny
    • (438)
    • c
    • Dopowiedzenie poddz. wspólnego
    • (Polska).
    • 4
    • UKD2
    • 9326
    • x
    • Poddział wspólny
    • (094.8)
    • c
    • Dopowiedzenie poddz. wspólnego
    • (Źródła prawne pochodzące od sądów. Orzecznictwo).
080 -Uniwersalna Klasyfikacja Dziesiętna [ , ]
    • 2
    • Identyfikator wydania tablic
    • UDC-P058
    • 9
    • UKD
    • 3135
    • a
    • Symbol klasyfikacji
    • 336.225
    • b
    • Dopowiedzenie
    • Metody opodatkowania i administracja skarbowa. Urzędy i izby skarbowe. Jurysdykcja podatkowa. Obiekty opodatkowania. Skale podatków. Stopa podatkowa. Progi podatkowe. Procedura opodatkowania. Kontrola podatkowa. Naruszenie prawa podatkowego.
    • 4
    • UKD2
    • 7642
    • x
    • Poddział wspólny
    • (438)
    • c
    • Dopowiedzenie poddz. wspólnego
    • (Polska).
650 -Hasło przedmiotowe [ ,7]
    • a
    • Hasło przedmiotowe
    • Postępowanie w sprawach podatkowych
    • z
    • Określnik geograficzny
    • Polska
    • v
    • Określnik formalny
    • formularze.
    • 2
    • Źródło terminu
    • kaba
    • 9
    • KHW
    • 366734
650 -Hasło przedmiotowe [ ,7]
    • a
    • Hasło przedmiotowe
    • Postępowanie w sprawach podatkowych
    • z
    • Określnik geograficzny
    • Polska
    • v
    • Określnik formalny
    • studium przypadku.
    • 2
    • Źródło terminu
    • kaba
    • 9
    • KHW
    • 366735
980 -Symbol UKD [ , ]
    • a
    • UKD
    • 336.221.24/.25(438)(094.8)
920 -ISBN [ , ]
    • a
    • ISBN
    • 978-83-930932-0-5 Find
    • q
    • Dopowiedzenie
    • Euro-Omni
Obwoluta Numer inwentarzowy Sygnatura Status udost. Lokalizacja Data inwentaryzacji
1SA.20284SA.202841BSA2011-08-12
1SA.19655SA.196551BSA2011-02-09
1SA.19500SA.195001BSA2010-11-02
1SA.21172SA.211721BSA2012-07-04